Quizzes
Events
Quiz Creation
Community
Videos
Private Events
Remove Ads
Sign In
Join for FREE
Feedback
Dark Mode
Quiz Categories
Sports
Geography
Music
Movies
Television
Just For Fun
Miscellaneous
History
Literature
Language
Science
Gaming
Entertainment
Religion
Holiday
For Kids
Quiz Lab
Recent
Popular Today
Quiz Kudos Today
Editor Picks
Curator Picks
Quizzes by...
Day
Popularity
Type
Ratings
Length
Year
Community
Subscriptions
Recent Discussions
Orange Saloon
Badges
Playlists
Quests
Create
Leaderboards
Showdown
Live 5
Trivia Bingo
Activity
Puzzle Library
Sporcle Events
Private Events
Virtual Trivia
Globe League
Become a Host
Pub Owners
SporcleCon
Opinionation
Our Games
Videos
Blog
Mobile Apps
Partnerships
Remove Ads and Go Orange
Feedback
Gaming
Video Games
Board Games
Card Games
Pokémon
Mario
Nintendo
Minecraft
Console
Toys
Legend of Zelda
Gaming
Video Games
Board Games
Card Games
Pokémon
Mario
Nintendo
Minecraft
Console
Toys
Legend of Zelda
Random Quiz
Search Sporcle
×
Quiz Lab
Quiz Lab
Gaming
Master
Type in answers that appear in a list
Type in answers that appear in a list
Classic
Best Score? Go Orange.
Trails of Cold Steel 1 Master Quartz Stats
Can you name the Trails of Cold Steel Master Quartz?
By
tragedyofhamel
6m
28 Questions
158 Plays
158 Plays
158 Plays
Comments
Comments
Give Quiz Kudos
Give Quiz Kudos
-
- Ratings
hide this ad
More Info
Replay
Link that replays current quiz
Next Quiz
Link to next quiz in quiz playlist
You Got
0%
They Got
Avg Score
60%
Avg Friend Score
Upgrade to see
Score Distribution
Jump to the score distribution portion of the page
Score
0/28
Timer
06:00
0
Plays Today
Hint
Answer
% Correct
Killing enemies restores CP
Force
82.3%
Automatically recover from K.O.
Angel
81%
Increase potency of healing arts
Canon
80.4%
Recover HP/
EP through attacks/
crafts
Thor
79.1%
Increase potency of healing items
Moebius
72.2%
Low HP increases physical damage
Chevalier
71.5%
Absorb enemy magic
Katze
69.6%
Begin battle with Immunity/
Reflect
Aegis
69%
Obtain a significant STR bonus
Brave
67.7%
Gain insight status
Falco
67.1%
Physical damage up, delay time up
Tauros
64.6%
Offensive arts deal critical damage
Criminal
64.6%
Obtain a significant SPD bonus
Raven
62.7%
Arts damage up, more EP consumed
Pandora
61.4%
Hint
Answer
% Correct
Obtain a significant DEF/
ADF bonus
Iron
60.1%
Prevent abnormal status/
stat down
Wing
60.1%
Obtain a significant ATS bonus
Mistral
58.9%
Killing enemies restores EP
Mirage
56.3%
Arts damage up as HP lowers
Magius
52.5%
Attacks/
crafts inflict random abnormalities
Juggler
50.6%
Obtain sepith from attacks/
crafts
Scepter
48.7%
Attacks/
crafts cause critical damage
Murakumo
48.7%
Damage received down when HP is low
Emblem
48.1%
Attacks/
Crafts cause stat down
Cypher
46.8%
Increase obtained EXP
Megalith
46.8%
High HP increases phjysical damage
Vermillion
46.8%
Randomly increases physical damage
Orochi
43%
Recover HP through offensive arts
Aries
39.9%
Quiz Playlist
Details
Report
Send in Message
Add To Playlist
More Info:
Can you name the original 28 master quartz's from Trails of Cold Steel 1?
Classic:
Type in answers that appear in a list
Last Updated: May 17, 2020
Quiz Scoreboard
CHALLENGE
Sign Up to Join the Scoreboard
Show All
Scores
Hide
Comments
May contain spoilers
Recently Published
Billboard Blitz: Fleetwood Mac
by CooCooCachoo
Music
15s
Presidents Visiting Landmarks
by Hejman
History
7m
An Introduction to Baseball
by treessimontrees
Sports
5m
More to Explore
Quiz From the Vault
Featured Blog Post
Where Did the Easter Bunny Come From?
hide this ad
You Might Also Like...
Tags
cold
Master
steel
trail
Today's Top Quizzes in Gaming
Browse Gaming
hide this ad
Today's Top Quizzes in Master
Browse Master
Top Contributed Quizzes in Gaming
1
5-to-1: Consoles
2
7-to-1: Board Game Piece Blitz
3
5-to-1: Legend of Zelda
4
Destiny 2 exotic weapons by perk icons
5
League of Legends Pro Players by Career/Team History
6
Franchise by Action Figure
7
Ultimate Genshin Impact Logic Puzzle (up to 4.3)
8
Who's on the WWE 2K24 Cover?
9
Genshin Impact Logic Puzzle Quiz
10
Overwatch Logic Puzzle
Explore More
Trending Topics
Harry Potter
NBA
Anime
Kpop
Marvel
Crossword
Disney
Song
Pokémon
Soccer
Country
WWE
NFL
The Office
Puzzle
hide this ad
More By:
tragedyofhamel
Quiz
Plays
Rating
Category
Featured
Created
Zemurian Aliases
211
Gaming
Sep 20, 2020
Trails of Cold Steel 1 Master Quartz
158
5.00
Gaming
May 17, 2020
Go to Creator's Profile
Score Distribution
Quiz Creator Spotlight
tragedyofhamel
Follow
Send a Message
Quizzes Created
-
Created Quiz Play Count
-
More By This Creator
Popular Quizzes Today
1
Find the US States - No Outlines Minefield
2
Find the Countries of Europe - No Outlines Minefield
3
The Countries of the World
4
Find the US States
5
Risky Map Clicking: Biggest States A-Z
6
US States
7
Popular People in 1961
8
Movies - When Are They Set?
More Gaming Quizzes
Video Game World Maps 3
Curator's Pick
Trending Quizzes
Risky Map Clicking: Least Populous States A-Z
1-10 Letter G Words
1-10 Letter F Words
Risky Map Clicking: Next State Alphabetically
Risky Map Clicking: Biggest States A-Z
Recently Updated
Leaping Animals
pecheneg
Reality TV Shows (A-Z)
bhenderson79
Rickey Henderson's Hall of Fame Teammates
pecheneg
Champions League XIs: Arsenal
pecheneg
Quick Pick: Celebrities in WWE's Hall of Fame
aduchscher
A-Z Keypad Blitz II
pecheneg
Multiple Oscar Actors
pecheneg
Mystery Phrase Blitz: Oscar 'Best Actors'
pecheneg
F. Scott Fitzgerald Novels
LTH
Pick 3 Villains
ddd62291
Trending Topics
Crossword
NBA
Marvel
Disney
Anime
Harry Potter
Kpop
Soccer
WWE
NFL
Puzzle
Pokémon
The Office
Country
Song
Your Account Isn't Verified!
In order to create a playlist on Sporcle, you need to verify the email address you used during registration. Go to your
Sporcle Settings
to finish the process.
Report this User
Report this user for behavior that violates our
Community Guidelines
.
Details:
Send Report
Go to the Sporcle.com Mobile Site →
Comments